Cơ sở tạo hình
Wedi'i Gadw mewn:
| Prif Awdur: | |
|---|---|
| Fformat: | Sách |
| Iaith: | Undetermined |
| Cyhoeddwyd: |
Mỹ thuật
2010
|
| Pynciau: | |
| Tagiau: |
Ychwanegu Tag
Dim Tagiau, Byddwch y cyntaf i dagio'r cofnod hwn!
|
| Thư viện lưu trữ: | Trung tâm Thư viện - Trường Đại học Công nghiệp TP. Hồ Chí Minh |
|---|
| LEADER | 00477nam a2200157Ia 4500 | ||
|---|---|---|---|
| 001 | UIH_05850 | ||
| 008 | 231011s9999 xx 000 0 und d | ||
| 082 | |a 700 | ||
| 100 | |a Lê, Huy Văn | ||
| 245 | 0 | |a Cơ sở tạo hình | |
| 245 | 0 | |c Lê, Huy Văn | |
| 260 | |b Mỹ thuật | ||
| 260 | |c 2010 | ||
| 650 | |a Nghệ thuật tạo hình; | ||
| 927 | |a Sách | ||
| 980 | |a Trung tâm Thư viện - Trường Đại học Công nghiệp TP. Hồ Chí Minh | ||